000 00420nam a22001577a 4500
999 _c17560
_d17560
003 OSt
005 20221107144506.0
008 221107b ||||| |||| 00| 0 eng d
040 _c0
100 _aNavarro, Dante.
_946675
245 _aSaso settles for 25th;
_bArdina fades /
260 _aPhilippines ; The Philippine Star,
_cFebruary 17, 2020.
300 _apage 19.
650 _aSports.
_946676
942 _2ddc
_cPER